Loading...
| History - World | 0 | 6 | 0 | 3 | 60 | 76 | 110.00 | 0 | 2 | 0.00 | 0.00 |
| History - American | 0 | 4 | 0 | 0 | 40 | 76 | 86.00 | 1 | 3 | 0.00 | 0.00 |
| History - European | 0 | 4 | 0 | 1 | 40 | 61 | 79.00 | 1 | 3 | 0.00 | 0.00 |
| Mythology | 0 | 2 | 0 | 0 | 20 | 119 | 124.50 | 0 | 0 | 0.00 | 0.00 |
| History - Other | 0 | 3 | 2 | 1 | 20 | 72 | 108.67 | 1 | 3 | 0.00 | 0.00 |
| Philosophy | 0 | 2 | 0 | 1 | 20 | 77 | 102.00 | 1 | 1 | 0.00 | 0.00 |
| Other Academic | 0 | 2 | 0 | 0 | 20 | 54 | 55.00 | 1 | 2 | 0.00 | 0.00 |
| Religion | 0 | 2 | 1 | 0 | 15 | 75 | 86.50 | 1 | 2 | 0.00 | 0.00 |
| Fine Arts - Other | 0 | 1 | 0 | 0 | 10 | 97 | 97.00 | 0 | 1 | 0.00 | 0.00 |
| Geography | 0 | 1 | 0 | 1 | 10 | 126 | 126.00 | 0 | 0 | 0.00 | 0.00 |
| Social Science | 0 | 1 | 0 | 0 | 10 | 98 | 98.00 | 0 | 0 | 0.00 | 0.00 |
| Literature - British | 0 | 1 | 0 | 0 | 10 | 57 | 57.00 | 1 | 1 | 0.00 | 0.00 |
| Current Events | 0 | 1 | 1 | 0 | 5 | 87 | 87.00 | 1 | 1 | 0.00 | 0.00 |
| Literature - World | 0 | 0 | 1 | 0 | -5 | 0.00 | 0 | 0 | 0.00 | 0.00 | |
| Pop Culture | 0 | 0 | 1 | 0 | -5 | 0.00 | 0 | 0 | 0.00 | 0.00 | |
| Literature - American | 0 | 0 | 1 | 0 | -5 | 0.00 | 0 | 0 | 0.00 | 0.00 | |
| Fine Arts - Painting and Sculpture | 0 | 0 | 1 | 0 | -5 | 0.00 | 0 | 0 | 0.00 | 0.00 |